ARRUPE JESUIT UNIVERSITY

CORONAVIRUS -STOP THE SPREAD - CLEAN,DISINFECT,COVER

A velha casa de madeira e zinco / (Record no. 126998)

MARC details
000 -LEADER
fixed length control field 00838cam a22002655i 4500
001 - CONTROL NUMBER
control field 19952141
003 - CONTROL NUMBER IDENTIFIER
control field ARRUPE
005 - DATE AND TIME OF LATEST TRANSACTION
control field 20170929102013.0
008 - FIXED-LENGTH DATA ELEMENTS--GENERAL INFORMATION
fixed length control field 170824e201705 mz b 000 0 por
010 ## - LIBRARY OF CONGRESS CONTROL NUMBER
LC control number 2016343515
020 ## - INTERNATIONAL STANDARD BOOK NUMBER
International Standard Book Number 9789928792877
040 ## - CATALOGING SOURCE
Original cataloging agency DLC
Language of cataloging eng
Transcribing agency DLC
Description conventions rda
042 ## - AUTHENTICATION CODE
Authentication code lcode
-- pcc
300 ## - PHYSICAL DESCRIPTION
Dimensions 24 cm
100 1# - MAIN ENTRY--PERSONAL NAME
Personal name Honwana, Luis Bernardo.
9 (RLIN) 36626
245 12 - TITLE STATEMENT
Title A velha casa de madeira e zinco /
Statement of responsibility, etc Luis Bernardo Honwana.
260 ## - PUBLICATION, DISTRIBUTION, ETC. (IMPRINT)
Place of publication, distribution, etc Maputo
Name of publisher, distributor, etc Alcance editores
Date of publication, distribution, etc 2017
300 ## - PHYSICAL DESCRIPTION
Extent 213 p. ;
906 ## - LOCAL DATA ELEMENT F, LDF (RLIN)
a 0
b ibc
c origode
d 3
e ncip
f 20
g y-gencatlg
942 ## - ADDED ENTRY ELEMENTS (KOHA)
Source of classification or shelving scheme Library of Congress Classification
Koha item type Monograph ( Printed materials)
Holdings
Withdrawn status Lost status Source of classification or shelving scheme Damaged status Not for loan Collection code Home library Current library Shelving location Date acquired Total Checkouts Full call number Barcode Date last seen Price effective from Koha item type
    Library of Congress Classification     Main Collection ARRUPE LIBRARY ARRUPE LIBRARY Main Collection 29/09/2017   PR9408.M87 H6 V4 46500027784 29/09/2017 29/09/2017 Monograph ( Printed materials)

 

Arrupe Library. PO Box MP320 Mt Pleasant, Harare, Zimbabwe
263 242 745411|librarian@aju.ac.zw